000 00623nam a2200205Ia 4500
003 GCL
008 140319s9999 xx 000 0 ara d
040 _aGCL /
_cGCL
082 0 4 _a398.9
_bش ا
100 1 _aمحمد رضا
245 1 0 _aامثال الامم الاوربية /
_cمحمد رضا
700 1 _aشامبيون، سلوين جرنى
260 _a[S.N] :
_bدار العربى للنشر والتوزيع ،
_c1990
300 _a101 ص
490 _a
650 0 4 _aالامثال العربية
650 0 4 _aالادب الشعبى
650 0 4 _aالامثال الاوربية
942 _2ddc
_cBK
999 _c35382
_d35382